[Event "BL2-Nord 0405"]
[Site "Germany"]
[Date "2005.04.10"]
[Round "9.4"]
[White "Pajeken, Wolfgang"]
[Black "Breier, Andreas"]
[Result "1-0"]
[WhiteElo "2328"]
[BlackElo "2369"]
[PlyCount "115"]
[EventDate "2004.10.24"]
[EventType "team-tourn"]
[EventRounds "9"]
[EventCountry "GER"]
[SourceTitle "EXT 2007"]
[Source "ChessBase"]
[SourceDate "2006.11.23"]
[SourceVersion "1"]
[SourceVersionDate "2006.11.23"]
[SourceQuality "1"]
[WhiteTeam "Hamburger SK II"]
[BlackTeam "Zehlendorf"]
[WhiteTeamCountry "GER"]
[BlackTeamCountry "GER"]

1. Nf3 e6 2. d4 c5 3. c4 cxd4 4. Nxd4 Nf6 5. Nc3 Bb4 6. Bd2 0-0 7. g3 Nc6 8. Nb3 b6 9. Bg2 Ba6 10. Nb5 d5 11. cxd5 Bxd2+ 12. Qxd2 Nxd5 13. Nc3 Nce7 14. Nxd5 Nxd5 15. Bxd5 exd5 16. Nd4 Qd7 17. 0-0-0 Qg4 18. Kb1 Rfe8 19. e3 Rac8 20. Rc1 Rc4 21. b3 Rc5 22. Kb2 Qg6 23. Rc3 Rec8 24. Rhc1 h6 25. h3 Qf6 26. f4 Qg6 27. g4 Qe4 28. Nf5 R8c7 29. Rxc5 Rxc5 30. Rxc5 bxc5 31. Qa5 g6 32. Qd8+ Kh7 33. Ne7 Kg7 34. Nxd5 Bb7 35. Qf6+ Kg8 36. Ne7+ Kf8 37. f5 Qxe3 38. Nxg6+ Ke8 39. Qh8+ Kd7 40. Ne5+ Kc7 41. Nc4 Qd4+ 42. Qxd4 cxd4 43. Ne5 Bd5 44. Kc2 Kd6 45. Nc4+ Ke7 46. Kd3 Bg2 47. h4 Bh3 48. Kxd4 Bxg4 49. Ne3 Bf3 50. Nd5+ Kd6 51. Nf6 Bd1 52. Ne4+ Ke7 53. Ke5 Bc2 54. Nf6 Kf8 55. b4 Ba4 56. Nd5 Kg7 57. f6+ Kf8 58. Ne7 1-0

[Event "BL2-Nord 0405"]
[Site "Germany"]
[Date "2005.01.30"]
[Round "6.4"]
[White "Breier, Andreas"]
[Black "Rosmann, Ilja"]
[Result "1/2-1/2"]
[WhiteElo "2369"]
[BlackElo "2224"]
[PlyCount "63"]
[EventDate "2004.10.24"]
[EventType "team-tourn"]
[EventRounds "9"]
[EventCountry "GER"]
[SourceTitle "EXT 2007"]
[Source "ChessBase"]
[SourceDate "2006.11.23"]
[SourceVersion "1"]
[SourceVersionDate "2006.11.23"]
[SourceQuality "1"]
[WhiteTeam "Zehlendorf"]
[BlackTeam "Hamburg Koenigsspringer"]
[WhiteTeamCountry "GER"]
[BlackTeamCountry "GER"]

1. d4 Nf6 2. Nf3 d5 3. g3 c5 4. Bg2 cxd4 5. Nxd4 e6 6. c4 Bb4+ 7. Bd2 Bxd2+ 8. Qxd2 0-0 9. 0-0 e5 10. Nf3 Re8 11. cxd5 Qxd5 12. Qc2 Nc6 13. Nc3 Qa5 14. Rad1 Bg4 15. Qb1 Rad8 16. h3 Bh5 17. Nh4 Rd4 18. g4 Bxg4 19. hxg4 Rxg4 20. Nf5 e4 21. Ne3 Qh5 22. Qc1 Rg5 23. f4 exf3 24. exf3 Ne5 25. f4 Rxg2+ 26. Kxg2 Qg6+ 27. Kf2 Neg4+ 28. Nxg4 Nxg4+ 29. Kf3 Nh2+ 30. Kf2 Ng4+ 31. Kf3 Nh2+ 32. Kf2 1/2-1/2